00418 2200169 4500245004100000020001800041250001100059100001800070700002500088650001700113005001900130260004200149041001400191084001100205300002300216336000900239 aThe Dating GamecNina ArdiantihText a9786020665177 aCet. 1 aNina Ardianti aClaudia Von Nasution aNovel Remaja a20240112110716 aJakartabGramedia Pustaka Utamac2023 aIndonesia a808.83 a360 hlm. :c20 cm. atext